| 000 | 01011 a2200313 4500 | ||
|---|---|---|---|
| 001 | 200129603 | ||
| 999 |
_c200129603 _d41371 |
||
| 003 | TR-AnTOB | ||
| 005 | 20250812132156.0 | ||
| 008 | 160802b tu 000 0 | ||
| 040 | _aTR-AnTOB | ||
| 041 | _atur | ||
| 050 |
_aHD75.8 _b.D65 2008 |
||
| 090 | _aHD75.8 .D65 2008 | ||
| 110 | 2 |
_aBilgi Teknolojileri ve İletişim Kurumu _990012 |
|
| 245 | 0 | 0 |
_a2013 iş planı / _cBTK. |
| 264 | 1 |
_aAnkara : _bBTK, _c2008. |
|
| 300 |
_a69 p. : _btabl. , ill. |
||
| 504 | _aIncludes bibliograpical references. | ||
| 650 | 0 | 7 |
_aMakroekonomi _xMatematiksel modeller _2etuturkob _922363 |
| 650 | 0 |
_aMacroeconomics _xMathematical models _922365 |
|
| 650 | 0 | 7 |
_aEkonomik kalkınma projeleri _zTürkiye _2etuturkob _9103506 |
| 650 | 0 |
_aEconomic development projects _zTurkey _948198 |
|
| 650 | 0 |
_aEconometric models _922317 |
|
| 650 | 0 |
_aEkonometrik modeller _9113924 |
|
| 650 | 0 |
_aEconomic development projects _927549 |
|
| 650 | 0 |
_aEkonomik kalkınma projeleri _931859 |
|
| 942 | _cBK | ||